Singapore food : A treasury of more than 200 time-tested recipes
Zapisane w:
| 1. autor: | |
|---|---|
| Format: | Książka |
| Język: | Undetermined |
| Wydane: |
Singapore
Marshall Cavendish
2007
|
| Hasła przedmiotowe: | |
| Etykiety: |
Dodaj etykietę
Nie ma etykietki, Dołącz pierwszą etykiete!
|
| Thư viện lưu trữ: | Trung tâm Học liệu Trường Đại học Cần Thơ |
|---|
| LEADER | 00541nam a2200193Ia 4500 | ||
|---|---|---|---|
| 001 | CTU_127906 | ||
| 008 | 210402s9999 xx 000 0 und d | ||
| 020 | |c 312000 | ||
| 082 | |a 641.595957 | ||
| 082 | |b H984 | ||
| 100 | |a Hutton, Wendy | ||
| 245 | 0 | |a Singapore food : A treasury of more than 200 time-tested recipes | |
| 245 | 0 | |c Wendy Hutton | |
| 260 | |a Singapore | ||
| 260 | |b Marshall Cavendish | ||
| 260 | |c 2007 | ||
| 650 | |a Cookery, Singaporean | ||
| 904 | |i Tuyến | ||
| 980 | |a Trung tâm Học liệu Trường Đại học Cần Thơ | ||